Countries that don't have an A - Statistics

General Stats
  • This quiz has been taken 75 times
  • The average score is 18 of 29
Answer Stats
Country % Correct
Chile
86%
Mexico
84%
Morocco
81%
Peru
81%
Sweden
79%
Egypt
74%
Yemen
74%
Burundi
70%
Fiji
70%
United Kingdom
70%
Belgium
67%
Brunei
65%
Belize
63%
Greece
63%
Niger
63%
Djibouti
61%
Liechtenstein
61%
Luxembourg
61%
Togo
61%
Comoros
60%
Cyprus
58%
Seychelles
58%
Benin
56%
Kosovo
54%
Lesotho
53%
Turkey
53%
Philippines
44%
Montenegro
37%
Republic of the Congo
33%
No matching quizzes found
Score Distribution
Percent of People with Each Score
Percentile by Number Answered
Your Score History
You have not taken this quiz